F1 Drivers' Pets - Statistics

General Stats
  • This quiz has been taken 21 times
  • The average score is 10 of 16
Answer Stats
Picture Answer % Correct
Lewis Hamilton
100%
Charles Leclerc
93%
Alex Albon
80%
Carlos Sainz Jr.
80%
Carlos Sainz Jr.
80%
Nico Hulkenberg
80%
Guanyu Zhou
67%
Sergio Perez
67%
Daniel Ricciardo
60%
Sebastian Vettel
60%
Valtteri Bottas
60%
Kevin Magnussen
53%
Logan Sargeant
53%
Nico Rosberg
40%
Jenson Button
27%
Kimi Raikkonen
27%
No matching quizzes found
Score Distribution
Percent of People with Each Score
Percentile by Number Answered
Your Score History
You have not taken this quiz